MARC details
| 000 -CABECERA |
| campo de control de longitud fija |
03980 am a2200349 i 4500 |
| 001 - NÚMERO DE CONTROL |
| campo de control |
9562142 |
| 003 - IDENTIFICADOR DEL NÚMERO DE CONTROL |
| campo de control |
CaAEU |
| 005 - FECHA Y HORA DE LA ÚLTIMA TRANSACCIÓN |
| campo de control |
20260304104453.0 |
| 008 - DATOS DE LONGITUD FIJA--INFORMACIÓN GENERAL |
| campo de control de longitud fija |
200706s2021 enka b 001 0 eng |
| 010 ## - NÚMERO DE CONTROL DE LA BIBLIOTECA DEL CONGRESO |
| Número de control de LC |
2020030108 |
| 020 ## - NÚMERO INTERNACIONAL ESTÁNDAR DEL LIBRO |
| Número Internacional Estándar del Libro |
9781350099005 |
| Información calificativa |
(hardback) |
| 020 ## - NÚMERO INTERNACIONAL ESTÁNDAR DEL LIBRO |
| Número Internacional Estándar del Libro |
9781350099012 |
| Información calificativa |
(paperback) |
| 035 ## - NÚMERO DE CONTROL DEL SISTEMA |
| Número de control de sistema |
on1163953326 |
| 040 ## - FUENTE DE LA CATALOGACIÓN |
| Centro catalogador/agencia de origen |
DLC |
| Lengua de catalogación |
eng |
| Normas de descripción |
rda |
| Centro/agencia transcriptor |
DLC |
| Centro/agencia modificador |
AGPC |
| 041 ## - CÓDIGO DE LENGUA |
| Código de lengua del texto/banda sonora o título independiente |
English |
| 042 ## - CÃDIGO DE AUTENTICACIÃN |
| Código de autenticación |
pcc |
| 050 00 - SIGNATURA TOPOGRÁFICA DE LA BIBLIOTECA DEL CONGRESO |
| Número de clasificación |
GT511 |
| Número de documento/Ítem |
.K56 2021 |
| 100 ## - ENTRADA PRINCIPAL--NOMBRE DE PERSONA |
| Nombre de persona |
Kim, Eundeok, |
| Término indicativo de función/relación |
author. |
| 9 (RLIN) |
26752 |
| 245 10 - MENCIÓN DE TÍTULO |
| Título |
Fashion trends |
| Resto del título |
: analysis and forecasting |
| Mención de responsabilidad, etc. |
/ Eundeok Kim, Ann Marie Fiore, Alice Payne, and Hyejeong Kim. |
| 250 ## - MENCIÓN DE EDICIÓN |
| Mención de edición |
Second editon. |
| 264 #1 - PRODUCCIÓN, PUBLICACIÓN, DISTRIBUCIÓN, FABRICACIÓN Y COPYRIGHT |
| Producción, publicación, distribución, fabricación y copyright |
London ; |
| -- |
New York : |
| Nombre del de productor, editor, distribuidor, fabricante |
Bloomsbury Visual Arts, |
| Fecha de producción, publicación, distribución, fabricación o copyright |
2021. |
| 300 ## - DESCRIPCIÓN FÍSICA |
| Extensión |
176 pages : |
| Otras características físicas |
illustrations ; |
| Dimensiones |
25 cm. |
| 504 ## - NOTA DE BIBLIOGRAFÍA, ETC. |
| Nota de bibliografía, etc. |
Includes bibliographical references and index. |
| 505 ## - NOTA DE CONTENIDO CON FORMATO |
| Nota de contenido con formato |
The Basics of Fashion Trends and Forecasting — Introduction to Fashion Trend Terminology — Fashion Trends in Context — The Framework for Fashion Change — Introduction to Fashion Forecasting Terminology — Historical Overview of Fashion Forecasting — <br/><br/>Consumers' Role in Fashion Adoption — The Innovation Adoption Process — Factors Influencing the Rate of Adoption: Attributes of the Innovation — Factors Influencing the Rate of Adoption: Consumer Adopter Categories — <br/><br/>The Process and Methods of Fashion Trend Analysis and Forecasting — The Process of Fashion Trend Analysis and Forecasting — The Methods of Fashion Trend Analysis and Forecasting — Future of Fashion Forecasting — <br/><br/>The Role of Fashion Industry Professionals in Trend Development and Forecasting — The Role of Fashion Industry Professionals in Creating and Supporting Trends — The Role of Developers, Gatekeepers, and Promoters — Forecasting as an Integrated Process — <br/><br/>Consumer and Industry Accelerators of Fashion Innovations and Diffusion — The Style-Confident Consumer — Industry Technology Trends that Accelerate Product Innovation and Diffusion — Industry Technology Trends that Accelerate Consumer-Inspired Product Innovation — Digital Technology that Facilitates Opinion Leadership and Innovation Diffusion — <br/><br/>Social Responsibility and Sustainability Related to Fashion Trends and Forecasting — Definitions of Social Responsibility and Sustainability — Increased Waste Due to Rapid Diffusion of Innovation — The Influences of Social Responsibility and Sustainability on Fashion Trends — Cost Issues Associated with Environmental Improvements and Programs to Encourage Socially Responsible Firms — <br/><br/>Formats of Trend Forecasts and the Influences of Trend Forecasting on Business Decisions — Formats of Trend Forecasts — The Influences of Trend Forecasting on Business Decisions. |
| 520 ## - SUMARIO, ETC. |
| Sumario, etc. |
In a fast-moving global industry, how can anyone know what the next trend will be? Fashion Trends: Analysis and Forecasting offers a clear pathway into the theory and practice of forecasting fashion, using professional case studies to demonstrate each technique and concept.<br/><br/>This revised edition includes an updated model of the fashion trend analysis and forecasting process and expanded coverage of social media, digital influencers, sustainability and social responsibility. There are also first-hand visual materials relating to forecasts from leading firms.<br/><br/>With the rise of individualism and concern for the sustainable world, the authors also walk you through the 'end of fashion' and what comes next, including: recycled and upcycled fashion, garment rental, subscription services, the circular economy, transparency and traceability, and the role of forecasting in encouraging sustainable lifestyles. |
| Fuente proveedora |
Provided by publisher. |
| 650 #0 - PUNTO DE ACCESO ADICIONAL DE MATERIA--TÉRMINO DE MATERIA |
| Término de materia o nombre geográfico como elemento de entrada |
Fashion |
| Subdivisión general |
Forecasting |
| 9 (RLIN) |
10522 |
| 650 #0 - PUNTO DE ACCESO ADICIONAL DE MATERIA--TÉRMINO DE MATERIA |
| Término de materia o nombre geográfico como elemento de entrada |
Clothing trade |
| Subdivisión general |
Forecasting |
| 9 (RLIN) |
10521 |
| 700 ## - ENTRADA AGREGADA--NOMBRE PERSONAL |
| Nombre de persona |
Fiore, Ann Marie, |
| Término indicativo de función/relación |
author. |
| 9 (RLIN) |
26753 |
| 700 ## - ENTRADA AGREGADA--NOMBRE PERSONAL |
| Nombre de persona |
Payne, Alice, |
| Término indicativo de función/relación |
author. |
| 9 (RLIN) |
26754 |
| 700 ## - ENTRADA AGREGADA--NOMBRE PERSONAL |
| Nombre de persona |
Kim, Hyejeong, |
| Término indicativo de función/relación |
author. |
| 9 (RLIN) |
26755 |
| 942 ## - ELEMENTOS DE ENTRADA AGREGADA (KOHA) |
| Fuente del sistema de clasificación o colocación |
Clasificación de Library of Congress |